<?xml version="1.0" encoding="UTF-8"?><marc:collection xmlns:marc="http://www.loc.gov/MARC21/slim">
  <marc:record>
    <marc:leader>00000nam##2200000za#4500</marc:leader>
    <marc:controlfield tag="001">9.644411</marc:controlfield>
    <marc:controlfield tag="003">CaOODSP</marc:controlfield>
    <marc:controlfield tag="005">20200330134928</marc:controlfield>
    <marc:controlfield tag="007">ta</marc:controlfield>
    <marc:controlfield tag="008">150407|1991||||xxc|||||     f|0| 0 eng|d</marc:controlfield>
    <marc:datafield tag="020" ind1=" " ind2=" ">
      <marc:subfield code="a">0-662-18883-7</marc:subfield>
    </marc:datafield>
    <marc:datafield tag="040" ind1=" " ind2=" ">
      <marc:subfield code="a">CaOODSP</marc:subfield>
      <marc:subfield code="b">eng</marc:subfield>
    </marc:datafield>
    <marc:datafield tag="043" ind1=" " ind2=" ">
      <marc:subfield code="a">n-cn---</marc:subfield>
    </marc:datafield>
    <marc:datafield tag="086" ind1="1" ind2=" ">
      <marc:subfield code="a">CC213-5/1991E</marc:subfield>
    </marc:datafield>
    <marc:datafield tag="110" ind1="1" ind2=" ">
      <marc:subfield code="a">Canada.</marc:subfield>
      <marc:subfield code="b">Farm Credit Corporation. </marc:subfield>
      <marc:subfield code="b">Research and Planning Division.</marc:subfield>
    </marc:datafield>
    <marc:datafield tag="245" ind1="1" ind2="0">
      <marc:subfield code="a">Farm accounting standardization manual : </marc:subfield>
      <marc:subfield code="b">a manual of farm accounting terminology, reporting policies, and ratios / </marc:subfield>
      <marc:subfield code="c">Prepared by Deloitte &amp; Touche. </marc:subfield>
    </marc:datafield>
    <marc:datafield tag="260" ind1=" " ind2=" ">
      <marc:subfield code="a">Ottawa - Ontario : </marc:subfield>
      <marc:subfield code="b">Farm Credit Corporation. </marc:subfield>
      <marc:subfield code="c">1991.</marc:subfield>
    </marc:datafield>
    <marc:datafield tag="300" ind1=" " ind2=" ">
      <marc:subfield code="a">67, 37p. : </marc:subfield>
      <marc:subfield code="b">figs., references, tables ; </marc:subfield>
      <marc:subfield code="c">28 cm.</marc:subfield>
    </marc:datafield>
    <marc:datafield tag="500" ind1=" " ind2=" ">
      <marc:subfield code="a">"This...manual has been developed to provide practical and professional interpretations of accounting principles as they apply to agricultural producers in Canada. Guidance is provided on a wide range of accounting topics that are of specific interest to the agricultural industry. It should be noted, however, that certain conclusions of this manual are not in accordance with generally accepted accounting principles. These deviations have been appropriately identified in the introduction to the manual."--Foreword. "The project is funded by Employment and Immigration Canada in conjunction with the Canada-Ontario Agricultural Employment Committee."--Page 3.</marc:subfield>
    </marc:datafield>
    <marc:datafield tag="520" ind1="3" ind2=" ">
      <marc:subfield code="a">This...manual has been developed to provide practical and professional interpretations of accounting principles as they apply to agricultural producers in Canada. Guidance is provided on a wide range of accounting topics that are of specific interest to the agricultural industry. It should be noted, however, that certain conclusions of this manual are not in accordance with generally accepted accounting principles. These deviations have been appropriately identified in the introduction to the manual.--Foreword The project is funded by Employment and Immigration Canada in conjunction with the Canada-Ontario Agricultural Employment Committee.--Page 3</marc:subfield>
    </marc:datafield>
    <marc:datafield tag="563" ind1=" " ind2=" ">
      <marc:subfield code="a">Softcover</marc:subfield>
    </marc:datafield>
    <marc:datafield tag="590" ind1=" " ind2=" ">
      <marc:subfield code="a">93-23</marc:subfield>
      <marc:subfield code="b">1993-06-11</marc:subfield>
    </marc:datafield>
    <marc:datafield tag="690" ind1="0" ind2="7">
      <marc:subfield code="a">Accounting</marc:subfield>
      <marc:subfield code="2">gcpds</marc:subfield>
    </marc:datafield>
    <marc:datafield tag="690" ind1="0" ind2="7">
      <marc:subfield code="a">Farming</marc:subfield>
      <marc:subfield code="2">gcpds</marc:subfield>
    </marc:datafield>
    <marc:datafield tag="690" ind1="0" ind2="7">
      <marc:subfield code="a">Financial management</marc:subfield>
      <marc:subfield code="2">gcpds</marc:subfield>
    </marc:datafield>
    <marc:datafield tag="775" ind1="0" ind2="8">
      <marc:subfield code="t">Manuel d'uniformisation de la comptabilité agricole : </marc:subfield>
      <marc:subfield code="w">(CaOODSP)9.678256</marc:subfield>
    </marc:datafield>
    <marc:datafield tag="776" ind1="0" ind2="#">
      <marc:subfield code="t">Farm accounting standardization manual : </marc:subfield>
      <marc:subfield code="w">(CaOODSP)9.697623</marc:subfield>
    </marc:datafield>
  </marc:record>
</marc:collection>
